000 00255nam a22001217a 4500
008 171014b xxu||||| |||| 00| 0 eng d
041 _aeng
080 _a331
100 _a52
101 _aPUN
245 _aWRITE ON TARGET
_cSTEIN, D.B
942 _2udc
_cBK
999 _c33920
_d33920